Partidos políticos de España - Estadísticas

Estadísticas generales
  • Esta prueba ha sido intentada 6.065 veces
  • La puntuación promedio es 16 de 30
Estadísticas de respuestas
Figura Destacada Partido % Correcto
José María Aznar PP
99%
Pedro Sánchez PSOE
99%
Santiago Abascal Vox
99%
Pablo Iglesias Podemos
96%
Yolanda Díaz Sumar
90%
Albert Rivera Ciudadanos
89%
Jordi Pujol Ciu
87%
Oriol Junqueras ERC
78%
Carles Puigdemont JxCat
77%
Arnaldo Otegi EH Bildu
68%
Sabino Arana PNV
68%
José Antonio Primo de Rivera Falange
62%
Alberto Garzón IU
53%
Alejandro Rojas-Marcos PA
51%
Julio Anguita PCE
50%
Adolfo Suárez UCD
42%
Xosé Manuel Beiras BNG
37%
Íñigo Errejón Más País
37%
Laura Duarte PACMA
33%
Tomás Guitarte Teruel Existe
33%
Rosa Díez UPyD
31%
Mónica Oltra Compromís
30%
Anna Gabriel CUP
28%
Roberto Vaquero FO
28%
Miguel Ángel Revilla PRC
24%
Paulino Rivero CC
23%
Alberto Catalán UPN
21%
Francisco Álvarez-Cascos FAC
11%
Uxue Barkos Geroa Bai
11%
Román Rodríguez NC
8%
No se encontraron pruebas coincidentes
Distribución de puntuación
Porcentaje de gente con cada puntuación
Porcentaje por número respondido
Historial de tus puntuaciones
No has intentado esta prueba.